书目信息 |
| 题名: |
红字
|
|
| 作者: | 霍桑, 著 | |
| 分册: | ||
| 出版信息: | 北京 外语教学与研究出版社 2006.01 |
|
| 页数: | 299页 | |
| 开本: | 21cm | |
| 丛书名: | ||
| 单 册: | ||
| 中图分类: | H319.4:I | |
| 科图分类: | ||
| 主题词: | 英语--ying yu--语言读物 , 长篇小说--chang pian xiao shuo--美国--现代 | |
| 电子资源: | ||
| ISBN: | 7-5600-5244-4 | |
| 000 | 00799nam0 2200229 450 | |
| 001 | 012006373063 | |
| 005 | 20060920094624.07 | |
| 010 | @a7-5600-5244-4@dCNY18.00 | |
| 100 | @a20060618d2006 km y0chiy0120 ea | |
| 101 | 0 | @aeng |
| 102 | @aCN@b110000 | |
| 105 | @ay z 000ay | |
| 200 | 1 | @a红字@Ahong zi@f(美) 霍桑著@F(mei)huo sang zhu |
| 210 | @a北京@c外语教学与研究出版社@d2006.01 | |
| 215 | @a299页@d21cm | |
| 330 | @a本书主要:海丝特·白兰嫁给一个比她大得多的伪善学者,在不合理的婚姻中埋没了青春。后来她在孤寂的生活中与青年牧师丁梅斯代尔相爱而怀孕。 | |
| 606 | 0 | @a英语@Aying yu@j语言读物 |
| 606 | 0 | @a长篇小说@Achang pian xiao shuo@y美国@z现代 |
| 690 | @aH319.4:I@v4 | |
| 701 | 1 | @a霍桑,@Ahuo sang,@bN.@g(Hawthorne, N)@4著 |
| 801 | 0 | @aCN@bQSSK@c20060920 |
| 905 | @a10447@dH319.4:I@eH973 | |
| 红字/(美) 霍桑著.-北京:外语教学与研究出版社,2006.01 |
| 299页;21cm |
| ISBN 7-5600-5244-4:CNY18.00 |
| 本书主要:海丝特·白兰嫁给一个比她大得多的伪善学者,在不合理的婚姻中埋没了青春。后来她在孤寂的生活中与青年牧师丁梅斯代尔相爱而怀孕。 |
| ● |
| 相关链接 |
|
|
|
正题名:红字
索取号:H319.4:I/H973
 
预约/预借
| 序号 | 登录号 | 条形码 | 馆藏地/架位号 | 状态 | 备注 |
| 1 | 588972 | 205889724 | 语言库209/ [索取号:H319.4:I/H973] | 在馆 | |
| 2 | 588973 | 205889733 | 语言库209/209语言库 53排5列1层/ [索取号:H319.4:I/H973] | 在馆 | |
| 3 | 588974 | 205889742 | 语言库209/209语言库 53排5列1层/ [索取号:H319.4:I/H973] | 在馆 |